Chile-Argentina, Argentina-Chile: 1820-2010. Desarrollos políticos, económicos y culturales

Na minha lista:
Detalhes bibliográficos
Main Authors: Cavieres Figueroa, Eduardo Lincoyán (autor), Cicerchia, Ricardo (Author)
Formato: Livro
Idioma:espanhol
Publicado em: Valparaíso Ediciones Universitarias de Valparaíso 2012
Edição:1a. ed
Assuntos:
Tags: Adicionar Tag
Sem tags, seja o primeiro a adicionar uma tag!

MARC

LEADER 00000cam a2200000 a 4500
001 UCD2728
003 CL-VaPUC
005 20230913104526.0
008 160505e20120000cl |||||||||||||||||spa|d
999 |c 363849  |d 363847 
020 |a 9789561705050 
040 |c Pontificia Universidad Católica de Valparaíso 
082 0 4 |a 327.83082  |b CAV  |2 21 
100 |a Cavieres Figueroa, Eduardo Lincoyán  |e autor  |9 884614 
245 1 0 |a Chile-Argentina, Argentina-Chile: 1820-2010. Desarrollos políticos, económicos y culturales 
250 |a 1a. ed 
260 |a Valparaíso  |b Ediciones Universitarias de Valparaíso  |c 2012 
300 |a 291 p 
583 |a last modification  |c 20160505 16:04:00  |k Rodrigo Vera 
650 0 |a Relaciones Exteriores  |9 255379 
650 0 |a Relaciones Internacionales  |9 255740 
650 0 |a Diplomacia Chilena  |9 447165 
650 7 |a DIPLOMACIA ARGENTINA  |2 CL-VaPUC  |9 446983 
650 0 |a Desarrollo cultural  |9 267526 
650 0 |a Desarrollo económico  |9 259599 
650 0 |a Desarrollo político  |9 323087 
651 7 |a CHILE  |2 CL-VaPUC  |9 586093 
651 0 |a Argentina  |9 254888 
700 0 |a Cicerchia, Ricardo  |e author  |9 586092 
942 |c BK  |2 ddc 
945 |d 20160505 16:04:00  |a arojas 
952 |0 0  |1 0  |3 erb  |4 0  |6 327_830820000000000_CAV_2012  |7 0  |8 X  |9 476676  |a FDOBUD  |b FDOBUD  |i 5303222  |o 327.83082 CAV 2012  |p 5303222  |r 2019-11-24  |w 2019-11-24  |y BK_X  |z Catalogado en:20160505  |k FHP